Optique geometrique / (Record no. 34699)

MARC details
000 -LEADER
campo de control de longitud fija 00522nam a2200193 i 4500
001 - NÚMERO DE CONTROL
campo de control 34699
003 - IDENTIFICADOR DE NÚMERO DE CONTROL
campo de control ES-MaACL
005 - FECHA Y HORA DE LA ÚLTIMA TRANSACCIÓN
campo de control 20230906155000.0
007 - CAMPO FIJO DE DESCRIPCIÓN FÍSICA--INFORMACIÓN GENERAL
campo de control de longitud fija t|
008 - DATOS DE LONGITUD FIJA--INFORMACIÓN GENERAL
campo de control de longitud fija 030207s1913 fr ||||1| fre d
100 1# - ENTRADA PRINCIPAL--NOMBRE DE PERSONA
Nombre de persona Blein, J.
9 (RLIN) 29473
245 10 - MENCIÓN DEL TÍTULO
Título Optique geometrique /
Mención de responsabilidad, etc. J. Blein.
260 ## - PUBLICACIÓN, DISTRIBUCIÓN, ETC.
Lugar de publicación, distribución, etc. [Saint Amand :
Nombre del editor, distribuidor, etc. s.n.,
Fecha de publicación, distribución, etc. 1913] (
Fabricante Bussière)
300 ## - DESCRIPCIÓN FÍSICA
Extensión 263 p. ;
Dimensiones 18 cm.
490 1# - MENCIÓN DE SERIE
Mención de serie Encyclopédie scientifique
830 0# - PUNTO DE ACCESO ADICIONAL DE SERIE-TÍTULO UNIFORME
Título uniforme Encyclopédie scientifique
9 (RLIN) 180883
852 ## - LOCALIZACIÓN
Ubicación ES-MaACL
Número de control de estantería D-4309
Holdings
Estatus retirado Estado de pérdida Estado de daño No para préstamo Biblioteca de origen Biblioteca actual Ubicación en estantería Fecha de adquisición Fuente de adquisición Total de préstamos Signatura topográfica completa Código de barras Visto por última vez Precio de reemplazo Tipo de ítem Koha
        Biblioteca del Ateneo de Madrid Biblioteca del Ateneo de Madrid Sala Valle Inclán 17/01/2008     D-4309 901036204 23/02/2023 23/02/2023 Libro impreso